UM Logo

The literature's of the Philippines/ (Record no. 5473)

MARC details
000 -LEADER
fixed length control field 00702nam a22002057a 4500
008 - FIXED-LENGTH DATA ELEMENTS--GENERAL INFORMATION
fixed length control field 161104b xxu||||| |||| 00| 0 eng d
020 ## - INTERNATIONAL STANDARD BOOK NUMBER
International Standard Book Number 978-971-23-7741-9
082 ## - DEWEY DECIMAL CLASSIFICATION NUMBER
Edition number 2015
Classification number DFil 899.211
Item number L11l
100 ## - MAIN ENTRY--PERSONAL NAME
9 (RLIN) 16830
Personal name Lacia, Ferdilyn C.
245 ## - TITLE STATEMENT
Title The literature's of the Philippines/
Statement of responsibility, etc. Ferdilyn C. Lacia... [and 3 others].
250 ## - EDITION STATEMENT
Edition statement Third edition.
260 ## - PUBLICATION, DISTRIBUTION, ETC. (IMPRINT)
Place of publication, distribution, etc. Sampaloc, Manila:
Name of publisher, distributor, etc. Rex Book Store,
Date of publication, distribution, etc. c2015.
300 ## - PHYSICAL DESCRIPTION
Extent xxiv, 201 pages;
Dimensions 25 cm.
500 ## - GENERAL NOTE
General note Includes bibliographical references and index.
650 #0 - SUBJECT ADDED ENTRY--TOPICAL TERM
9 (RLIN) 16834
Topical term or geographic name as entry element Philippine literature.
700 ## - ADDED ENTRY--PERSONAL NAME
9 (RLIN) 16831
Personal name Libunao, Lydia L.
700 ## - ADDED ENTRY--PERSONAL NAME
9 (RLIN) 16832
Personal name Fabella, Mark G.
700 ## - ADDED ENTRY--PERSONAL NAME
9 (RLIN) 16833
Personal name Buhain, Vivian I.
942 ## - ADDED ENTRY ELEMENTS (KOHA)
Source of classification or shelving scheme Dewey Decimal Classification
Koha item type Filipiniana
Holdings
Withdrawn status Lost status Source of classification or shelving scheme Damaged status Not for loan Collection code Home library Current library Date acquired Source of acquisition Total Checkouts Full call number Barcode Date last seen Price effective from Koha item type
    Dewey Decimal Classification     Filipiniana UM Digos College - LIC UM Digos College - LIC 10/27/2016 Purchased   DFil 899.211 L11l 2015 24351 05/15/2025 11/04/2016 Filipiniana